| 000 | 00613nam a22001935i 4500 | ||
|---|---|---|---|
| 001 | 172951 | ||
| 003 | ES-MaACL | ||
| 005 | 20250721062645.0 | ||
| 008 | 090918s1879 sp |||| | spa d | ||
| 080 | _a33.32 | ||
| 100 | 1 |
_aOssorio y Bernard, Manuel, _d1839-1904 _9137729 |
|
| 245 | 1 | 0 |
_aCartas a un niño sobre la economía política / _cpor Manuel Ossorio y Bernard. |
| 250 | _a2ª ed. | ||
| 260 |
_aMadrid : _b[s.n.], _c1879 ( _fImpr. de Moreno y Rojas) |
||
| 300 |
_a170 p. ; _c16 cm. |
||
| 650 | 0 | 7 |
_aEconomía _2embne _912006 |
| 852 |
_aES-MaACL _jC-3520 _9R.145203 |
||
| 999 |
_c172951 _d172951 |
||